| 000 | 02772nam a22002777a 4500 | ||
|---|---|---|---|
| 001 | BRCA_9294 | ||
| 003 | FranzMayer | ||
| 005 | 20230724140035.0 | ||
| 008 | 230724b |||||||| |||| 00| 0 eng d | ||
| 040 |
_aMFM _besp _cMFM |
||
| 050 | 4 |
_aCO49 _bL36 1776 |
|
| 082 | _2BX1895.C6 | ||
| 100 | 1 |
_4Autor _aLancelotti, Pauli _928959 |
|
| 240 | 1 |
_aCorpus Iuris Canonici Emendatum et Notis Illustratum Gregorii XIII Pont. Max Iussu Editum Libro VII Decretalium et IO. Pauli Lancelotti Institutionibus Adauctum Accesserunt Loci Communes Uberrimi et Indices Titulorum canonumque omnium fumma diligrntia ac nova methodo concinnati. _hTomus Primus. Editio magna fide a mendis purgata, ad meliorem ordinem, et ad antiqua exemplaria redacta, cui plura funt adiecta maioris difunctionis gratia, quaeque nunc primum cum Pithoeana editione collata per parvas notas afteriftis indicatas urramque et Pithoeanam, er Colonienfem complectitur _lLatín |
|
| 245 | 0 |
_aCorpus Iuris Canonici Emendatum et Notis Illustratum Gregorii XIII Pont. Max. Iussu Editum Libro VII Decretalium et IO Pauli Lancelotti Institutionibus Adauctum Accesserunt Loci Communes Uberrimi et Indices Titulorum Canonumque Omnium fumma diligencia ac nova methodo concinnati. _bTomus Primus. Editio magna dide a mendis purgata, ad meliorem ordinem, et ad antiqua exemplaria redacta, cui plura funt adiecta maioris diftinctionis gratia, quaeque nunc primum cum Pithoeana editione collata per parvas notas afterifcis indicatas utramque et Pithoeanam, et Colonienfem complectitur |
|
| 260 |
_aReyno de Augusto _bEx Typographia Regia _c1776 |
||
| 300 |
_a1279 _c27 cm |
||
| 440 |
_aCorpus Iuris Canonici Eemendatum et Notis Illustratum Gregorii XIII Pont. Max. Iussu Editum Libro VII Decretalium et IO Pauli Lancelotti Institutionibus Adauctum Accesserunt Loci Communes Uberrimi et Indices Titulorum Canonumque Omnium fumma diligentia ac nova methodo concinnati _nTomus Primus _pEditio magna fide a mendis ourgata, ad meliorem ordinem, et ad antiqua exemplaria redacta, cui plura funt adiecta maioris diftintionis gratia, quaeque nunc primum cum Pithoeana editione collata per parvas notas afterifcis indicatas utramque et Pithoeanam, et Colonienfem complectitur. _vVol 1 _928960 |
||
| 500 | _aEl libro contiene una anotación con tinta en la cubierta interior que se encuentra tachada. | ||
| 500 | _aVarias hojas del libro presentan daños como cortes o manchas | ||
| 500 | _aEl libro corre riesgo de desprenderse | ||
| 505 | _aTexto en: latínDirigido a: Obispos, clérigos, personas pertenecientes a la iglesia católica. Incluye índice temático. | ||
| 650 | 1 |
_2Religión cristiana _aCatólica _vIglesia _928961 |
|
| 651 | 2 |
_2Organización eclesiástica _aCardinales _vDerecho canónico _928962 |
|
| 942 |
_2lcc _cB |
||
| 999 |
_c10914 _d10914 |
||